Countries Starting with T - Statistics

General Stats
  • This quiz has been taken 48 times
  • The average score is 9 of 11
Answer Stats
Country % Correct
Turkey
95%
Tajikistan
85%
Turkmenistan
85%
Thailand
82%
Tunisia
82%
Tanzania
77%
Togo
77%
Trinidad and Tobago
77%
Taiwan
74%
Tonga
74%
Tuvalu
72%
No matching quizzes found
Score Distribution
Percent of People with Each Score
Percentile by Number Answered
Your Score History
You have not taken this quiz